El fabuloso mundo de las aves : (Registro nro. 12477)

Detalles MARC
000 -LEADER
fixed length control field 01088nam a22003371i 4500
001 - CONTROL NUMBER
control field
003 - CONTROL NUMBER IDENTIFIER
control field DO-SdBNP
005 - DATE AND TIME OF LATEST TRANSACTION
control field 20170116145133.0
008 - FIXED-LENGTH DATA ELEMENTS--GENERAL INFORMATION
fixed length control field 900725s1976 sp spa
016 7# - NATIONAL BIBLIOGRAPHIC AGENCY CONTROL NUMBER
Record control number
Canceled/invalid record control number
Source BPMSU
017 ## - COPYRIGHT OR LEGAL DEPOSIT NUMBER
Copyright or legal deposit number
Assigning agency
020 ## - INTERNATIONAL STANDARD BOOK NUMBER
International Standard Book Number 8485258282
035 ## - SYSTEM CONTROL NUMBER
System control number (OCoLC)
040 ## - CATALOGING SOURCE
Original cataloging agency BPMSU
Language of cataloging spa
Transcribing agency BPMSU
041 1# - LANGUAGE CODE
Language code of text/sound track or separate title spa
Language code of original
080 #0 - UNIVERSAL DECIMAL CLASSIFICATION NUMBER
Universal Decimal Classification number
080 #0 - UNIVERSAL DECIMAL CLASSIFICATION NUMBER
Universal Decimal Classification number
100 1# - MAIN ENTRY--PERSONAL NAME
Personal name Burton, Robert
245 13 - TITLE STATEMENT
Title El fabuloso mundo de las aves :
Remainder of title vida y costumbres /
Statement of responsibility, etc. Robert Burton y Bruce Coleman ; versión del inglés por G. Pérez Sevilla
Medium
246 13 - VARYING FORM OF TITLE
Title proper/short title El fabuloso mundo de las aves y los peces
260 ## - PUBLICATION, DISTRIBUTION, ETC. (IMPRINT)
Place of publication, distribution, etc. Barcelona ;
Name of publisher, distributor, etc. Creaciones Especializadas de Artes Gráficas,
Date of publication, distribution, etc. 1976
300 ## - PHYSICAL DESCRIPTION
Extent 127 p. :
Other physical details il. ,
Dimensions 28 cm.
500 ## - GENERAL NOTE
General note
650 #7 - SUBJECT ADDED ENTRY--TOPICAL TERM
Topical term or geographic name as entry element Aves
General subdivision Conducta
Form subdivision Obras ilustradas
Source of heading or term embne
650 #7 - SUBJECT ADDED ENTRY--TOPICAL TERM
Topical term or geographic name as entry element Peces
General subdivision Conducta
Form subdivision Obras ilustradas
Source of heading or term embne
700 1# - ADDED ENTRY--PERSONAL NAME
Personal name Coleman, Bruce
700 1# - ADDED ENTRY--PERSONAL NAME
Personal name Pérez Sevilla, G.
710 2# - ADDED ENTRY--CORPORATE NAME
Corporate name or jurisdiction name as entry element Caja de Pensiones para la Vejez y de Ahorros de Cataluña y Baleares
942 ## - ADDED ENTRY ELEMENTS (KOHA)
Source of classification or shelving scheme Dewey Decimal Classification
Koha item type Libros
956 ## - LOCAL ELECTRONIC LOCATION AND ACCESS (OCLC)
Host name VMATEO
Access number 10
Compression information 20170116
Path BPMSU
Electronic name 0069
Existencias
Withdrawn status Lost status Source of classification or shelving scheme Damaged status Not for loan Collection code Home library Current library Date acquired Source of acquisition Total Checkouts Barcode Date last seen Price effective from Koha item type
    Dewey Decimal Classification     Colección General Biblioteca Pública Metropolitana Salomé Ureña Biblioteca Pública Metropolitana Salomé Ureña 01/16/2017 Fundación Educativa y Cultural (FUNDI)   BPMSU17010057 01/16/2017 01/16/2017 Libros